000 00534nam a2200193Ia 4500
005 20250312040702.0
008 240331s9999 xx 000 0 und d
020 _a0706952987
082 _a301
_bVAN
_2968
245 4 _aThe Vanishing Aborigines:
_bSri Lanka's Veddas in Transition
260 _aNew Delhi,
_bVikas Publishing House
_c1990
300 _a176 p.,
650 _aAborigines
650 _aHistory
650 _aReligion
700 _aDharmadasa, K. N. O
_eedt
700 _aSamarasinghe, S. W. R. de A
_eedt
942 _cL
999 _c1048
_d1048